Loom of history (Record no. 374429)

000 -LEADER
fixed length control field 00356cam a22001337a 4500
008 - FIXED-LENGTH DATA ELEMENTS--GENERAL INFORMATION
fixed length control field 180718b1959 xxu||||| |||| 00| 0 eng d
082 ## - DEWEY DECIMAL CLASSIFICATION NUMBER
Classification number A6x56 M913
100 ## - MAIN ENTRY--PERSONAL NAME
Personal name Muller, Herbert J.
245 ## - TITLE STATEMENT
Title Loom of history
Statement of responsibility, etc. by Herbert J. Muller
260 ## - PUBLICATION, DISTRIBUTION, ETC.
Place of publication, distribution, etc. London
Name of publisher, distributor, etc. Museum Press
Date of publication, distribution, etc. 1959
300 ## - PHYSICAL DESCRIPTION
Extent 433p.
650 ## - SUBJECT ADDED ENTRY--TOPICAL TERM
Topical term or geographic name entry element Civilization
650 ## - SUBJECT ADDED ENTRY--TOPICAL TERM
Topical term or geographic name entry element Asia, West - History
Holdings
Withdrawn status Lost status Damaged status Not for loan Permanent Location Current Location Date acquired Full call number Barcode Date last seen Price effective from Koha item type
        Indian Institute of Public Administration Indian Institute of Public Administration 1994-06-27 A6x56 M913 19637 2018-07-21 2018-07-21 Book
        Indian Institute of Public Administration Indian Institute of Public Administration 1994-06-27 A6x56 M913 1294 2018-07-21 2018-07-21 Book

Powered by Koha